| 000 | 00732nam a2200229Ii 4500 | ||
|---|---|---|---|
| 003 | JO-AjNU | ||
| 008 | 230605s9999||||xx |||||||||||||| ||und|| | ||
| 017 | _a2009/12/5058 | ||
| 020 | _a9957-16-580-2 | ||
| 040 |
_aJO-AjNU _bara _erda _cJO-AjNU |
||
| 041 | _aara | ||
| 050 | 1 | 4 | _aBF713.A828.2010 |
| 100 | 3 |
_aزغير،رشيد حميد, _eauthor _928570 |
|
| 245 | 0 | 0 | _aسيكولوجية النمو |
| 250 | _aط1 | ||
| 264 | 3 | 1 | _aعمان:دار الثقافة للنشر والتوزيع ،2010 |
| 300 | _a319ص | ||
| 336 |
_atext _btxt _2rdacontent |
||
| 337 |
_aunmediated _bn _2rdamedia |
||
| 338 |
_avolume _bnc _2rdacarrier |
||
| 650 | 4 |
_aسيكولوجية-نمو الافراد-علم نفس الافراد _928571 |
|
| 999 |
_aA11098 _c14666 _d14666 |
||